Princesse Disney - Statistiques

Statistiques générales
  • Ce quiz a été pris 2 089 fois
  • Le résultat moyen est 10 sur 13
Statistiques - réponses
Actions Princesse associée % Correct
Est reveillée par son prince Aurore
98%
Est retenue prisonnière de sa tour Raiponce
96%
Gèle son royaume Elsa
95%
Sauve son pays Mulan
94%
Echange sa voix Ariel
92%
Est indienne Pocahontas
90%
Vit en collocation Blanche-neige
81%
Tombe amoureuse d'un voleur Jasmine
79%
Tombe amoureuse de son ravisseur Belle
77%
Ne veut pas se marier Mérida
68%
Se fait pièger par un escroc Anna
61%
Part à l'aventure pour sauver son village Vaiana
54%
Perd sa chaussure Candrillon
19%
Aucun quiz correspondant
Distribution des résultats
% des personnes avec chaque résultat
Percentile par nombre de réponses
Votre historique - résultats
Vous n’avez pas pris ce quiz